000 01985cam a22004574i 4500
003 PE-LiUPU
005 20250731183430.0
008 141001s2011 pe a r 000 0 spa d
020 _a9786124526107
035 _a(Sirsi) i9786124526107
035 _a(Sirsi) 47011
035 _a(Sirsi) 47011
040 _aPE-LiUPU
_bspa
_cPE-LiUPU
_dPE-LiUPU
_erda
041 _aspa
_aeng
082 0 4 _a724.985
_bO72
100 1 _aOrrego Herrera, José
245 1 0 _aJosé Orrego nueva arquitectura /
_cJosé Orrego Herrera.
264 1 _aLima :
_bConsultora Metrópolis SAC,
_c2011
300 _a209 páginas :
_bilustraciones ;
_c34 cm.
336 _atext
_2rdacontent
337 _aunmediated
_2rdamedia
338 _avolume
_2rdacarrier
505 0 _aNuevos ejes para nueva arquitectura -- Colisión -- Tiempo -- Distopía -- Piel -- Luz -- Tres años más de existencia -- Boulevard jockey plaza -- Mega plaza -- Strip center Chorrillos -- Strip center caminos del inca -- Supemsa -- Panchita --
526 _aP158
526 _aP146
526 _aP17
526 _aP12
526 _aP06
650 1 4 _aArquitectura Moderna
_ySiglo XX - XXI
_zPerú
700 1 _aIngunza, Stephany
_etr.
942 _2ddc
_cBOOK
949 _a724.985 O72
_i64470
_lCCODEBUL1
_mBUL
_tLIBRO
_o.STAFF.
949 _a724.985 O72
_i70448
_lCCODEBUL1
_mBUL
_tLIBRO
_o.STAFF
859 _q64470
_h724.985
_iO72
910 _agl
_b
_cjck
_d20120417
596 _a1
999 _a724.985 O72
_wDEWEY
_c53371
_i64470
_d53371
_e2017-6-28
_f2021-11-10
_g7
_lCCODEBUL1
_mBUL
_n1
_p100.00
_r0
_sY
_tBOOK
_u2015-7-6
_xINGENIERIA
_PP06
_0COMPRA
_o.STAFF. Colección General
999 _a724.985 O72
_wDEWEY
_c2
_i70448
_d2018-7-2
_f2021-11-10
_g7
_lCCODEBUL1
_mBUL
_p18.00
_q1
_r0
_sY
_tBOOK
_u2015-7-22
_xINGENIERIA
_PP06
_0COMPRA
_o.STAFF. Colección General
980 _81
_gALBERTO SANCHEZ Responsable de Automatización